|
|
|
|
| LEADER |
00000cam a2200000 7i4500 |
| 001 |
0000004140 |
| 005 |
20181226.0 |
| 020 |
0 |
0 |
|a 97899671083147
|
| 090 |
0 |
0 |
|a 338.1749809595
|b MTC2017
|
| 245 |
1 |
0 |
|a 1992-2017: :
|b 25 Years of Growth and Sustainability
|c editorial Dartuk Dr. Abdul Rahim Nikt..[et.al]
|
| 260 |
0 |
0 |
|a Kuala Lumpur :
|b Malaysian Timber Council ,
|c 2017
|
| 300 |
|
|
|a 118 p. :
|b col.ill. ;
|c 30cm.
|
| 650 |
0 |
0 |
|a Forest product industry---Malaysia
|
| 650 |
0 |
0 |
|a Malaysia Timber Council---Malaysia
|
| 700 |
0 |
1 |
|a Alexis Chan Hwei Yee
|
| 700 |
0 |
1 |
|a Dr Eric Ng Kok Leong
|
| 700 |
0 |
1 |
|a Richard Yu Tuan Chong
|
| 999 |
|
|
|a 008015
|b Monograph
|c Open Shelf
|e Default branch
|